عرض عادي عرض مارك
  • إبراهيم، محمد أبو الفضل.

مدخل إسم شخص

عدد التسجيلات المستخدمة في: 3

001 - رقم الضبط

  • حقل الضبط: 97013

003 - معرف رقم الضبط

  • حقل الضبط: OSt

005 - تاريخ ووقت أخر عملية

  • حقل الضبط: 20220811130054.0

008 - عناصر بيانات ثابتة الطول

  • حقل تحكم ثابت الطول: 220811|| aca||aabn | a|a d

040 ## - مصدر الفهرسة

  • هيئة الفهرسة الأصلية: OSt
  • وكالة الكتابة: OSt

100 ## - مدخل -- أسم شخص

  • إسم شخص: إبراهيم، محمد أبو الفضل.

670 ## - بيانات المصدر موجوده

  • الاستشهاد بالمصدر: Work cat.: (OSt)7925: الجلال السيوطي، عبد الرحمن بن أبي بكر بن محمد. 849-911 هـ. 97011, بغية الوعاة في طبقات اللغويين والنحاة /, 2005